El cooperativismo : Todo para todos /
Enfrentado por los sistemas económico-políticos hegemónicos, el cooperativismo fue perseguido a lo largo de los dos últimos siglos por sus características más "peligrosas": la distribución equitativa de las ganancias y la no explotación de los trabajadores. Sin embargo, cada vez más ejempl...
Guardado en:
| Autor Principal: | |
|---|---|
| Autor Corporativo: | |
| Formato: | |
| Publicado: |
Argentina,
2013.
|
| Series: | El informe Kliksberg: El otro me importa
DVD 1 |
| Materias: | |
| Acceso en línea: | https://www.educ.ar/recursos/119052/el-cooperativismo-todo-para-todos |
| Etiquetas: |
Agregar Etiqueta
Sin Etiquetas, Sea el primero en etiquetar este registro!
|
| LEADER | 01467ngm a22003735g 4500 | ||
|---|---|---|---|
| 001 | CEM.cems023799 | ||
| 008 | 130507s2013##################0###0#####d | ||
| 005 | 20250703144632.0 | ||
| 245 | 1 | 0 | |a El cooperativismo : |b Todo para todos / |c Bernardo Kliksberg. |
| 260 | |a Argentina, |c 2013. | ||
| 300 | |a 27'. | ||
| 490 | 0 | |a El informe Kliksberg: El otro me importa | |
| 490 | 1 | |a DVD 1 | |
| 538 | |a Soporte: DVD - Color: Si - Grabación DRD | ||
| 520 | |a Enfrentado por los sistemas económico-políticos hegemónicos, el cooperativismo fue perseguido a lo largo de los dos últimos siglos por sus características más "peligrosas": la distribución equitativa de las ganancias y la no explotación de los trabajadores. Sin embargo, cada vez más ejemplos en el mundo demuestran que sobrevive, se expande y gana espacios de poder. | ||
| 500 | |a Consultar en ventanilla. | ||
| 100 | 1 | |a Kliksberg, Bernardo | |
| 710 | 2 | |a Canal Encuentro. | |
| 082 | 3 | 0 | |/ KLI-3 |
| 653 | |a SOCIEDAD | ||
| 653 | |a ESTADO | ||
| 653 | |a ECONOMIA | ||
| 653 | |a ECONOMIA POLÍTICA | ||
| 653 | |a POLITICA | ||
| 653 | |a EXCLUSION | ||
| 653 | |a POBREZA | ||
| 653 | |a DESIGUALDAD | ||
| 653 | |a EQUIDAD | ||
| 653 | |a COOPERATIVISMO | ||
| 653 | |a COOPERATIVAS | ||
| 653 | |a SOLIDARIDAD | ||
| 653 | |a SERIE DE TELEVISIÓN | ||
| 856 | |u https://www.educ.ar/recursos/119052/el-cooperativismo-todo-para-todos | ||
| 859 | |a CEMS |b BIB. CEMS - Depto. Recursos Didacticos |h 301 |i KLI-3 |k DRD |p 2442.15 |t Ej.1 | ||
